00254nam a2200109Ia 4500008004100000041001200041082001100053100001800064245005000082260000600132650000600138221030s9999 xx 000 0 und d aEnglish a105.23 aR. Chatterjee 0aAntenna theory and practicecby R. Chatterjee c0 aB